000 00265nam a22001217a 4500
008 180911b xxu||||| |||| 00| 0 eng d
041 _aeng
080 _a510
100 _a37
101 _aMAT
245 _aThe Mathematics Matrices
_cDavis.P.J
942 _2udc
_cBK
999 _c47654
_d47654